La teoría y el análisis de la cultura /
Spremljeno u:
| Glavni autor: | |
|---|---|
| Format: | Knjiga |
| Jezik: | španjolski |
| Serija: | (Programa Nacional de Formación de Profesores Universitarios en Ciencias Sociales)
|
| Teme: | |
| Oznake: |
Bez oznaka, Budi prvi tko označuje ovaj zapis!
|
MARC
| LEADER | 00000nam^a2200000^a^4500 | ||
|---|---|---|---|
| 001 | 000377858 | ||
| 005 | 20250521000000.0 | ||
| 009 | 20260310120428.176 | ||
| 025 | |a Donación Juan Diego Castillo, 1 ejemplar | ||
| 037 | |a Acervo ITESO - Biblioteca | ||
| 041 | |a ESP | ||
| 082 | |a 306. 4 |b GIM | ||
| 100 | |a Giménez Montiel, Gilberto |e (edición) | ||
| 240 | 1 | 1 | |a [Teoría y análisis de la cultura] |
| 245 | 1 | 3 | |a La teoría y el análisis de la cultura / |c Ed. de G. Giménez Montiel. |
| 264 | |a Guadalajara, México : |b Secretaría de Educación Pública, Dirección General de Investigación Científica y Superación Académica : |b Universidad de Guadalajara : |b Consejo Mexicano de Ciencias Sociales, |c 1987 | ||
| 300 | |a 735 p. | ||
| 336 | |a texto |b txt |2 rdacontenido | ||
| 337 | |a sin mediación |b n |2 rdamedio | ||
| 338 | |a volumen |b nc |2 rdasoporte | ||
| 440 | 1 | |a (Programa Nacional de Formación de Profesores Universitarios en Ciencias Sociales) | |
| 561 | |a Ex libris manuscrito de Edgar Marín | ||
| 649 | |a XX | ||
| 650 | |a Habitus | ||
| 650 | |a Identidad Cultural | ||
| 650 | |a Diferencia y Otredad | ||
| 650 | |a Memoria Social | ||
| 650 | |a Fiestas | ||
| 650 | |a Simbolismo | ||
| 650 | |a Prácticas Culturales | ||
| 650 | |a Vida Cotidiana | ||
| 650 | |a Pluralismo | ||
| 650 | |a Cultura Popular | ||
| 650 | |a Cultura - |x Teoría | ||
| 650 | |a Cultura de Masas | ||
| 650 | |a Antropología Cultural | ||
| 650 | |a Sociología de la Cultura | ||
| 910 | |a Fondo Castillo-Martínez | ||
| 920 | |a Impresos - Libros | ||
| 930 | |a Fondos Especiales | ||
| 905 | |a 127 | ||
| 901 | |a 0500272259 |b IT2 |c ESP |i D |u 20250521 | ||
| 902 | |a https://opac.biblio.iteso.mx/vufind/Record/000377858 | ||